Ètica i deontologia policial : manual de consulta manual de consulta
Descripción Física:
152 p. ; 30 cm
Colección:
Manuals de formació municipal ; 15
MARC
| LEADER | 00000nam a2200000Ia 4500 | ||
|---|---|---|---|
| 001 | 16759 | ||
| 008 | 160829s2004 xx 000 0 cat d | ||
| 080 | |a M-5-86 | ||
| 245 | |a Ètica i deontologia policial : |b manual de consulta | ||
| 260 | |a Barcelona : |b Diputació de Barcelona, Xarxa de Municipis, Àrea de Govern Local, |c 2004 | ||
| 300 | |a 152 p. ; |c 30 cm | ||
| 490 | |a Manuals de formació municipal ; 15 | ||
| 590 | |a Síntesi del material. | ||
| 590 | |a Glossari. | ||
| 590 | |a Bibliografia comentada. | ||
| 590 | |a Annexos i material d'autoavaluació | ||
| 650 | |a Ètica policial |9 26985 | ||
| 650 | |a Policia |x Formació |9 26986 | ||
| 710 | 1 | |a Barcelona (Catalunya : Província). |b Àrea de Govern Local |9 54267 | |
| 901 | |a Arxiu | ||
| 942 | |n 1 | ||
| 952 | |0 0 |1 0 |4 0 |6 M586 |7 1 |9 44227 |a Arxiu |b Arxiu |d 2016-12-01 |l 0 |o M-5-86 |p 16759 |r 2016-12-01 00:00:00 |w 2016-12-01 |y ARXIU | ||
| 999 | |c 46807 |d 46807 | ||